1996 Key indicators of developing Asian and Pacific Countries.
| Format: | Book |
|---|---|
| Published: |
Manila:
Oxford University Press,
1996.
|
| Subjects: |
| LEADER | 00485cam a2200157 7i4500 | ||
|---|---|---|---|
| 001 | 0000006034 | ||
| 005 | 19991025090000.0 | ||
| 002 | ##000007685 | ||
| 020 | 0 | 0 | |a 0-19-587836-1 |
| 090 | 0 | 0 | |a STAT 310.9 |b KEY (AS.P) |
| 245 | 0 | 0 | |a 1996 Key indicators of developing Asian and Pacific Countries. |
| 260 | 0 | 0 | |a Manila: |b Oxford University Press, |c 1996. |
| 300 | 0 | 0 | |a 435 p.. |
| 650 | 0 | 0 | |a Asia Pacific -- |x Statistics |
| 651 | 0 | 0 | |a Asia Pacific |
| 999 | |a 0000009056 |b Book |c Open shelf |e Business Information Centre | ||


